000 01265nam a2200205 a 4500
008 190917t2018 ag |||g |||| 001 0 spa d
020 _a9789506911041
041 _aspa
092 _c808
_l77
_sSAR
100 1 _aSarmiento, Domingo Faustino
_93980
245 _aFacundo o Civilización y barbarie /
_cDomingo Faustino Sarmiento
250 _a1a ed.
_bPrólogo Alejandra Laera
260 _aBuenos Aires:
_bBiblioteca del Congreso;
_c2018.
300 _a370 p.
_c21 cm.
500 _aSarmiento, D. F. (2004). Facundo o Civilización y barbarie. (1a ed.). Buenos Aires : Agebe.
505 _aEn Facundo, su obra más singular y polémica, Domingo F. Sarmiento plantea una inquietante interpretación de la historia argentina y americana, la lucha entre la Civilización y la Barbarie, entre la ciudad y campaña, entre Europa y Asia, como si, obligada a optar, América no pudiera construir una identidad propia y diferenciada. Sin embargo, desmintiendo su propio discurso, Sarmiento es capaz de crear una obra tan apasionante, tumultuosa, innovadora y singular que sólo pudo ser producto de una profundo americanismo.
590 _aProyecto 4to libro, Donación Centro Médico de Mar del Plata, Noviembre 2018
655 _aLiteratura
_92917
942 _2ddc
_cLIT
999 _c2823
_d2823